02240 a2200301 4500003000500000005001700005010001600022020001500038040000900053082001400062100001900076245003100095260006200126300002900188490002900217505122500246650002501471650002201496650002601518650002601544650004001570650002701610655002201637655001801659856009701677856008901774856007501863Nust20230127115804.0 a 91053187 a0679409912 cNust00a823.8,ELI1 aEliot, George,10aAdam Bede /cGeorge Eliot. aNew York :bKnopf :bDistributed by Random House,cc1992. axxxiii, 612 p. ;c22 cm.0 aEveryman's library ;v59 aBook 1:The Workshop (Page-17), The Preaching (Page-25), After the Preaching (Page-43), The Rector (Page-62), The Hall Farm (Page-89), In the Cottage (Page-118), In the Wood (Page-126), The Return Home (Page-141), The Two Bed-Chambers (Page-149), Links (Page-161), Book 2: In which the Story Pauses a Little (Page-174), Church (Page-183), Adam on a Working Day (Page-203), The Night School and the Schoolmaster (Page-226), Book 3: Going to the Birthday feast (Page-241), Dinner-Time (Page-251), The Games (Page-262), The Dance (Page-270), Book 4: A Crisis (Page-281), A Dilemma (Page-291), The Next Morning (Page-298), In Hetty’s Bed Chamber (Page-317), More Links (Page-335),, The Betrothal (Page-341), The Hidden Dread (Page-345), Book 5: The Journey in Hope (Page-352), The Journey in Despair (Page-360), The Bitter Waters Spread (Page-391), The Morning of the Trial (Page-404), In the Prison (Page-422), The Hours of Suspense (Page-431), Another Meeting in the Wood (Page-438), Book 6: At the Hall farm (Page-447), In the Cottage (Page-456), Sunday Morning (Page-466), Adam and Dinah (Page-477), The Harvest Supper (Page-485), The Meeting on the Hill (Page-497), Marriage Bells (Page-501), Epilogue (Page-504).  0aCarpentersxFiction. 0aEnglandxFiction. 0aIllegitimate children 0aInfanticidexFiction. 0aTriangles (Interpersonal relations) 0aWomen clergyxFiction. 7aDidactic fiction. 7aLove stories.423Contributor biographical informationuhttp://www.loc.gov/catdir/bios/random056/91053187.html423Publisher descriptionuhttp://www.loc.gov/catdir/description/random042/91053187.html423Sample textuhttp://www.loc.gov/catdir/samples/random041/91053187.html